00657nam a2200241 a 4500001001300000003000900013005001700022008004100039020001000080082001700090100001400107245003200121260002900153300000800182500003500190505001000225650001900235700001400254902000800268942000700276952011700283999001500400nice12345678IN_TiNIC20260116011401.0050524s1893 iraa grp 000 0 per  ac10000a891.551bIBN aIbn, Imad aRozatul Muhibbinb Dehnamah aIranbMatba Sepehrc1893 a44p aincludes index and biblioraphy2 aIndex aPersian Poetry1 aIbn, Imad bSRS cBK 001040708StackRoom-aHMIbHMId2007-06-04g100.00l0o891.551 IBNp04465r2007-06-04v100.00w2005-05-24yBK c1060d1060